| 000 | 00955nam a2200253 i 4500 | ||
|---|---|---|---|
| 001 | bg | ||
| 245 | 0 | 0 |
_aRozwój badań naukowych w dziedzinie nauk technicznych i fizycznych : _bod Wydziału Metalurgicznego do Wydziału Inżynierii Procesowej, Materiałowej i fizyki Stosowanej ; praca zbiorowa / _cpod red. Jerzego Siwki, Jerzego J. Wysłockiego. |
| 260 |
_aCzęstochowa : _bWydaw. WIPMiFS PC, _c2005. |
||
| 300 |
_a280 s. : _bfot., rys., wykr. ; _c24 cm. |
||
| 500 | _aTekst. częśc. ang. Streszcz. ang. | ||
| 504 | _aBibliogr. przy pracach. | ||
| 650 | 9 |
_aMetalurgia _xzagadnienia |
|
| 650 | 9 |
_aMateriałoznawstwo _xzagadnienia |
|
| 650 | 9 |
_aTechnika _xszkolnictwo wyższe |
|
| 700 | 1 |
_aSIWKA, Jerzy. _eRed. |
|
| 700 | 1 |
_aWYSŁOCKI, Jerzy J. _eRed. |
|
| 020 | _a8387745871 | ||
| 040 | _cBPK | ||
| 041 | 0 |
_apoleng _beng |
|
| 080 | _a669.017/.018:620.1 | ||
| 920 | _a83-87745-87-1 | ||
| 942 | _cKS | ||
| 008 | s pl f |000 0 pol | ||
| 999 |
_c51160 _d51160 |
||
| 856 |
_uhttp://koha.tu.koszalin.pl/cgi-bin/koha/opac-detail.pl?biblionumber=51160 _yKatalog online BPK |
||